[Event "BCF-chT4 0506 (4NCL)"]
[Site "West Bromwich"]
[Date "2006.02.11"]
[Round "5.5"]
[White "Glover, Robert E"]
[Black "Hadi, Justin"]
[Result "0-1"]
[WhiteElo "1795"]
[BlackElo "1895"]
[PlyCount "92"]
[EventDate "2005.11.05"]
[EventType "team"]
[EventRounds "11"]
[EventCountry "ENG"]
[SourceTitle "CBM 109 Extra"]
[Source "ChessBase"]
[SourceDate "2006.01.03"]
[SourceVersion "2"]
[SourceVersionDate "2006.01.03"]
[SourceQuality "1"]
[WhiteTeam "Richmond II"]
[BlackTeam "Oxford III"]
[WhiteTeamCountry "ENG"]
[BlackTeamCountry "ENG"]

1. e4 c5 2. Nf3 Nc6 3. c3 d5 4. exd5 Qxd5 5. d4 e5 6. Be3 Bg4 7. Be2 cxd4 8. cxd4 Bb4+ 9. Nc3 exd4 10. Nxd4 Qxg2 11. Bf3 Bxf3 12. Qxf3 Qxf3 13. Nxf3 Nge7 14. 0-0-0 Bxc3 15. bxc3 Rd8 16. Rxd8+ Kxd8 17. Nd4 Kc8 18. Nb5 Nf5 19. Nxa7+ Nxa7 20. Bxa7 Re8 21. Rd1 Kc7 22. Rd5 Nd6 23. c4 Ra8 24. c5 Rxa7 25. cxd6+ Kd7 26. Kb2 Ra6 27. Rf5 f6 28. Rb5 b6 29. Rd5 Ra5 30. Rxa5 bxa5 31. Kb3 Kxd6 32. Ka4 Kc5 33. Kxa5 h5 34. a4 g5 35. Ka6 f5 36. a5 Kc6 37. Ka7 f4 38. a6 Kc7 39. Ka8 h4 40. h3 f3 41. a7 g4 42. hxg4 h3 43. g5 h2 44. g6 h1Q 45. g7 Qh7 46. g8Q Qxg8# 0-1

[Event "BCF-chT4 0506 (4NCL)"]
[Site "West Bromwich"]
[Date "2005.11.06"]
[Round "2.6"]
[White "Glover, Robert E"]
[Black "Sant Maria, L."]
[Result "1-0"]
[WhiteElo "1795"]
[BlackElo "1435"]
[PlyCount "59"]
[EventDate "2005.11.05"]
[EventType "team"]
[EventRounds "11"]
[EventCountry "ENG"]
[SourceTitle "CBM 109 Extra"]
[Source "ChessBase"]
[SourceDate "2006.01.03"]
[SourceVersion "2"]
[SourceVersionDate "2006.01.03"]
[SourceQuality "1"]
[WhiteTeam "Richmond II"]
[BlackTeam "Athenaeum II"]
[WhiteTeamCountry "ENG"]
[BlackTeamCountry "ENG"]

1. e4 c5 2. Nf3 e6 3. d4 cxd4 4. Nxd4 Nf6 5. Bd3 Bd6 6. Nc3 Bb4 7. 0-0 0-0 8. Bf4 Nc6 9. Ndb5 b6 10. Nc7 Rb8 11. Nxe6 dxe6 12. Bxb8 Nxb8 13. e5 Nfd7 14. Ne4 Nxe5 15. Bb5 Qe7 16. c3 Bc5 17. b4 Ba6 18. Bxa6 Bxf2+ 19. Nxf2 Nxa6 20. Qe2 Qg5 21. Qxa6 Nf3+ 22. Kh1 Nh4 23. Qb7 f5 24. Qc6 f4 25. Qxe6+ Rf7 26. Qg4 Qh6 27. Rad1 f3 28. Rd8+ Rf8 29. Qc4+ Kh8 30. Rxf8# 1-0

[Event "BCF-chT4 0506 (4NCL)"]
[Site "West Bromwich"]
[Date "2005.11.05"]
[Round "1.6"]
[White "Clapham, Michael JW"]
[Black "Glover, Robert E"]
[Result "1-0"]
[WhiteElo "2005"]
[BlackElo "1795"]
[PlyCount "51"]
[EventDate "2005.11.05"]
[EventType "team"]
[EventRounds "11"]
[EventCountry "ENG"]
[SourceTitle "CBM 109 Extra"]
[Source "ChessBase"]
[SourceDate "2006.01.03"]
[SourceVersion "2"]
[SourceVersionDate "2006.01.03"]
[SourceQuality "1"]
[WhiteTeam "The Suffolk Punches"]
[BlackTeam "Richmond II"]
[WhiteTeamCountry "ENG"]
[BlackTeamCountry "ENG"]

1. e4 e6 2. d4 d5 3. Nd2 c5 4. c3 Nc6 5. Ngf3 Qb6 6. exd5 exd5 7. Nb3 c4 8. Nbd2 Nf6 9. Be2 Bd6 10. 0-0 Be6 11. Re1 0-0-0 12. b3 Qc7 13. bxc4 dxc4 14. Bxc4 Bxc4 15. Nxc4 Nxd4 16. Nxd6+ Qxd6 17. cxd4 Rhe8 18. Rxe8 Rxe8 19. Qc2+ Kb8 20. Qf5 Re4 21. Bg5 Re2 22. Bf4 Qxf4 23. Qxf4+ Ka8 24. Rc1 b6 25. Rc8+ Kb7 26. Qc7+ 1-0

[Event "BCF-chT4a 0405 (4NCL)"]
[Site "Telford"]
[Date "2005.01.16"]
[Round "4.6"]
[White "Jones, Simon A"]
[Black "Glover, Robert E"]
[Result "0-1"]
[WhiteElo "1725"]
[BlackElo "1755"]
[PlyCount "54"]
[EventDate "2004.11.06"]
[EventType "team"]
[EventRounds "11"]
[EventCountry "ENG"]
[SourceTitle "EXT 2006"]
[Source "ChessBase"]
[SourceDate "2005.11.24"]
[SourceVersion "1"]
[SourceVersionDate "2005.11.24"]
[SourceQuality "1"]
[WhiteTeam "The ADS"]
[BlackTeam "Richmond II"]
[WhiteTeamCountry "ENG"]
[BlackTeamCountry "ENG"]

1. e4 e6 2. d4 d5 3. exd5 exd5 4. Nf3 Nf6 5. Be2 Bd6 6. Nc3 Be6 7. 0-0 c6 8. Bg5 Nbd7 9. a3 Qc7 10. Re1 0-0-0 11. h3 h6 12. Bxf6 gxf6 13. Kh1 Rdg8 14. Rg1 Nf8 15. b4 Qd7 16. Qf1 Ng6 17. b5 Nf4 18. a4 Rh7 19. Bd3 Rhg7 20. Ne1 Bxh3 21. bxc6 Qg4 22. cxb7+ Kb8 23. f3 Bxg2+ 24. Rxg2 Qh3+ 25. Kg1 Rxg2+ 26. Nxg2 Rxg2+ 27. Qxg2 Qxg2# 0-1